En la encrucijada de la ciencia histórica hoy : el auge de la historia cultural /

Compilación de diversas ponencias presentadas en Las Sextas Conversaciones Internacionales de Historia cuyo propósito fue examinar las relaciones entre las distintas historias culturales; es decir entre la historia de la ciencias, la historia intelectual, la historia del arte y esa posible "historia...

Ful tanımlama

Kaydedildi:
Detaylı Bibliyografya
Müşterek Yazar: Conversaciones Internacionales de Historia ( Universidad de Navarra)
Diğer Yazarlar: Vázquez de Prada, Valentín (edición) (edición), Olábarri, Iignacio (edición) (edición), Caspistegui, Francisco Javier (edición) (edición)
Materyal Türü: Konferans Sunumu Kitap
Dil:İspanyolca
Baskı/Yayın Bilgisi: Pamplona, España : Universidad de Navarra, 1998, c1998
Konular:
Etiketler: Etiketle
Etiket eklenmemiş, İlk siz ekleyin!

MARC

LEADER 00000nam^a2200000^a^4500
001 000181344
005 20250521000000.0
009 20260310101929.394
020 |a 84-313-1632-2 
037 |a Acervo ITESO - Biblioteca 
041 |a ESP 
082 |a 907. 2  |b CON 1997 
111 |a Conversaciones Internacionales de Historia (  |n 6 :  |d 1997 :  |c Universidad de Navarra) 
245 1 0 |a En la encrucijada de la ciencia histórica hoy :  |b el auge de la historia cultural /  |c Conversaciones Internacional de Historia ; ed. de V. Vázquez de Prada, I. Olábarri y F.J. Caspistegui. 
264 4 |a Pamplona, España :  |b Universidad de Navarra,  |c 1998, c1998 
300 |a XI, 204 p. 
336 |a texto  |b txt  |2 rdacontenido 
337 |a sin mediación  |b n  |2 rdamedio 
338 |a volumen  |b nc  |2 rdasoporte 
520 |a Compilación de diversas ponencias presentadas en Las Sextas Conversaciones Internacionales de Historia cuyo propósito fue examinar las relaciones entre las distintas historias culturales; es decir entre la historia de la ciencias, la historia intelectual, la historia del arte y esa posible "historia cultural integrada". Algunos de los temas que se abordaron fueron cómo influyen los valores de la cultura general de un país o un período sobre el desarrollo de la ciencia; la relación entre el conocimiento histórico y el Genuss o placer estético en el pensamiento del historiador suizo Jacob Burckhardt, entre otros temas. Este coloquio se puede considerar continuación del Coloquio de los Cursos de Verano del Escorial llevados a cabo en 1994 y cuya memoria también se encuentra en el acervo de la biblioteca. 
649 |a XX 
650 |a Historiadores Suizos 
650 |a Historia -  |x Congresos 
650 |a Historia Social -  |x Congresos 
650 |a Cultura -  |x Congresos 
650 |a Cultura -  |x Historia 
650 |a Identidad Cultural 
650 |a Identidad Personal 
650 |a Subjetividad (Psicología) 
650 |a Física 
650 |a Arte -  |x Historia y Crítica 
650 |a Museos y Galerías -  |x Aspectos Sociales y Culturales 
650 |a Ciencia y Desarrollo 
650 |a Ciencia y Humanidades 
650 |a Cambios Sociales y Culturales 
650 |a Ciudad (Concepto) 
650 |a Guerra Mundial (Segunda), 1939-1945 -  |z Italia -  |x Aspectos Sociales y Culturales 
650 |a Guerra y Paz -  |x Aspectos Sociales y Culturales 
650 |a Cultura Organizacional -  |z Alemania -  |x Historia -  |y Siglo XX 
650 |a Ideología 
650 |a Historia Oral 
650 |a Historias de Vida 
650 |a Metodología 
650 |a Liberalismo 
650 |a Estética 
650 |a Historia -  |x Filosofía 
650 |a Historia Moderna 
650 |a Antropología 
650 |a Burckhardt, Jacobo 
700 |a Vázquez de Prada, Valentín  |e (edición) 
700 |a Olábarri, Iignacio  |e (edición) 
700 |a Caspistegui, Francisco Javier  |e (edición) 
910 |a Fondo General 
920 |a Impresos - Libros 
930 |a Colección General 
905 |a 101 
901 |a 0500121303  |b IT1  |c ACC  |u 20250521 
902 |a https://opac.biblio.iteso.mx/vufind/Record/000181344